000 00579nam a22001697a 4500
020 _qHard Cover.
082 _a004
100 _aMuhammad Ahmed Rana.
245 _aURDU BASED SPEECH RECOGNITION IN CAR NAVIGATION SYSTEM /
_cMuhammad Ahmed Rana.
260 _aIslamabad :
_bSEECS - NUST,
_c2019.
300 _a87 p. : ill. ;
_c30cm.
650 _aSoftware Engineering-Project Report.
_930818
700 _aDr. Muhammad Ali Tahir.
856 _uhttp://10.250.8.41:8080/xmlui/handle/123456789/29720
942 _2ddc
_cTHE
999 _c535860
_d535860